000 01291nam0a2200349 4500
001 RU\NLR\BIBL_A\011660015
005 20180406112858.0
010 _a978-5-4399-0056-5
021 _aRU
_bКН-П-18-010610
_9КН-П-18-0741
035 _a(NLR Aleph) 011660015
035 _a(RuMoRGB)009543414
090 _a11175731
_c11175731
100 _a20180319d2017 k y0rusy50 ca
101 0 _arus
102 _aRU
105 _ay|||zzzz0|1yy
200 1 _aМодернизация и архаика. К столетию русской революции
_fСергей Митрохин
210 _aМосква
_cЯблоко
_d2017
215 _a71 с.
_d21
300 _aНа 4-й с. обл. авт.: Сергей Митрохин, к. полит. н.
320 _aБиблиогр.: с. 71
320 _aДр. произведения авт. на 4-й с. обл.
606 1 _aМодернизация
_yРоссия
_2nlr_sh1
_2nlr_sh2
_3RU\NLR\AUTH\661369196
686 _aТ3(2)524.2,021"100"
_2rubbk
686 1 _aУ03(2)
686 1 _aТ3(2)0-03
700 1 _aМитрохин
_bС. С.
_gСергей Сергеевич
942 _cBOOK
980 _aNBR
980 _aNB